[Event "XIII Festival A"]
[Site "Verona ITA"]
[Date "2007.01.03"]
[Round "1"]
[White "Bertani, Gianfranco"]
[Black "Rahal, Michael A."]
[Result "0-1"]
[WhiteElo "2132"]
[BlackElo "2390"]
[PlyCount "76"]
[EventDate "2007.01.03"]

1. Nf3 Nf6 2. b3 d6 3. d4 g6 4. Bb2 Bg7 5. Nbd2 O-O 6. e4 c6 7. Bd3 Nbd7 8. Rb1
Nh5 9. g3 Qc7 10. Qe2 e5 11. dxe5 Nxe5 12. Nxe5 dxe5 13. O-O Bh3 14. Rfd1 Rad8
15. Nf1 b5 16. Ba3 Rfe8 17. Bc5 Bf8 18. Bxf8 Bxf1 19. Kxf1 Kxf8 20. b4 Ng7 21.
Qe3 Ne6 22. c3 a5 23. a3 h5 24. Be2 Ke7 25. h4 Rxd1+ 26. Rxd1 axb4 27. axb4 Ra8
28. Ke1 Qa7 29. Qxa7+ Rxa7 30. f3 Ra2 31. Rd2 Ra3 32. Rd3 f6 33. Kf2 Ra2 34.
Ke3 g5 35. hxg5 fxg5 36. Bd1 Nf4 37. Rd2 Rxd2 38. Kxd2 h4 0-1

[Event "XIII Festival A"]
[Site "Verona ITA"]
[Date "2007.01.03"]
[Round "1"]
[White "Bozzali, Ermanno"]
[Black "Rombaldoni, Axel"]
[Result "0-1"]
[WhiteElo "2062"]
[BlackElo "2218"]
[PlyCount "92"]
[EventDate "2007.01.03"]

1. d4 d5 2. Nf3 e6 3. c4 c6 4. Nc3 dxc4 5. e4 b5 6. a4 Bb4 7. Bd2 Bb7 8. Qc2
Nf6 9. e5 Nd5 10. Ne4 Be7 11. b3 cxb3 12. Qxb3 a6 13. Be2 Nd7 14. Nfg5 Qb6 15.
Qf3 Rf8 16. Be3 h6 17. Nh3 Bb4+ 18. Kf1 O-O-O 19. Nf4 Be7 20. h4 Kb8 21. Nh5 c5
22. dxc5 Nxc5 23. Bxc5 Bxc5 24. Nxc5 Qxc5 25. axb5 Nc3 26. Qe3 Qxe3 27. fxe3
Nxe2 28. bxa6 Bxa6 29. Rxa6 Rd1+ 30. Kxe2 Rxh1 31. Ra4 Kb7 32. Nxg7 Rg8 33. Rg4
Kc6 34. Kf3 Kd5 35. Rd4+ Kxe5 36. Nh5 Rf1+ 37. Ke2 Ra1 38. Kf3 Ra2 39. g4 Rh2
40. Re4+ Kd6 41. Kg3 Rh1 42. Nf4 Rg1+ 43. Ng2 f5 44. Kh2 Rxg2+ 45. Kxg2 Rxg4+
46. Rxg4 fxg4 0-1

[Event "XIII Festival A"]
[Site "Verona ITA"]
[Date "2007.01.03"]
[Round "1"]
[White "Brigati, Alessandro"]
[Black "Guido, Flavio"]
[Result "0-1"]
[WhiteElo "2111"]
[BlackElo "2313"]
[PlyCount "114"]
[EventDate "2007.01.03"]

1. Nf3 Nf6 2. d4 e6 3. g3 b6 4. Bg2 Bb7 5. c4 Bb4+ 6. Bd2 Be7 7. Nc3 O-O 8. O-O
Na6 9. e3 c5 10. Qe2 d5 11. cxd5 exd5 12. Rfd1 Re8 13. Rac1 Nc7 14. Be1 c4 15.
a3 Bd6 16. Na2 a5 17. a4 Qd7 18. Nc3 Bc6 19. Ra1 Na6 20. Rdb1 Nb4 21. b3 cxb3
22. Rxb3 Rac8 23. Nb5 Bxb5 24. axb5 Rc2 25. Qd1 Rec8 26. Bxb4 Bxb4 27. Bf1 Ne4
28. Bd3 R2c3 29. Ne5 Qe6 30. Nc6 Rxb3 31. Qxb3 Bd6 32. Bxe4 Qxe4 33. Rc1 Ra8
34. Ra1 h5 35. h4 g6 36. Ra2 Kg7 37. Ra1 f6 38. Ra2 Kf8 39. Ra1 Ke8 40. Ra2 Kd7
41. Ra1 Ke8 42. Qc3 Kf8 43. Ra4 Qb1+ 44. Kg2 Qxb5 45. Ra1 Kg7 46. Qc2 Rc8 47.
Na7 Rxc2 48. Nxb5 Bb4 49. Kf3 Kf7 50. Rf1 Ke6 51. e4 a4 52. Ke3 a3 53. Kd3 Rd2+
54. Ke3 dxe4 55. Kxe4 a2 56. f3 Re2+ 57. Kd3 Re1 0-1

[Event "XIII Festival A"]
[Site "Verona ITA"]
[Date "2007.01.03"]
[Round "1"]
[White "Dvirnyy, Danyyil"]
[Black "Tramalloni, Luca"]
[Result "1-0"]
[WhiteElo "2351"]
[BlackElo "2127"]
[PlyCount "51"]
[EventDate "2007.01.03"]

1. e4 e6 2. d4 d5 3. Nc3 Bb4 4. e5 c5 5. a3 Bxc3+ 6. bxc3 Ne7 7. Qg4 Qc7 8.
Qxg7 Rg8 9. Qxh7 cxd4 10. Ne2 Nbc6 11. f4 dxc3 12. Qd3 Bd7 13. Rb1 Rc8 14. h4
Nf5 15. h5 Nce7 16. h6 Rh8 17. g4 Rxh6 18. Rh3 Rxh3 19. Qxh3 Ba4 20. gxf5 Bxc2
21. fxe6 fxe6 22. Rb4 Nf5 23. Qh8+ Kd7 24. Qh7+ Kd8 25. Qg8+ Ke7 26. Rxb7 1-0

[Event "XIII Festival A"]
[Site "Verona ITA"]
[Date "2007.01.03"]
[Round "1"]
[White "Facchetti, Gianni"]
[Black "Sikula, Vaszilij"]
[Result "0-1"]
[WhiteElo "2147"]
[BlackElo "2515"]
[PlyCount "117"]
[EventDate "2007.01.03"]

1. e4 c5 2. Nf3 e6 3. c3 Nf6 4. e5 Nd5 5. g3 Nc6 6. Bg2 d6 7. exd6 Bxd6 8. d4
O-O 9. O-O cxd4 10. Nxd4 Nxd4 11. Qxd4 Qc7 12. Qd1 Bd7 13. Re1 Rac8 14. Nd2 h6
15. Nf1 Bc6 16. Ne3 Ne7 17. Bd2 Rfd8 18. Qe2 Bxg2 19. Nxg2 Ng6 20. Be3 Qc6 21.
Red1 Ne5 22. Ne1 Nc4 23. Ng2 Nxe3 24. Nxe3 Bc5 25. Rxd8+ Rxd8 26. Rd1 Rc8 27.
Ng2 Bb6 28. Rd3 Kh7 29. Qd2 Qe4 30. Rd7 Qb1+ 31. Ne1 Kg8 32. Kg2 Qe4+ 33. f3
Qc6 34. Nc2 Qb5 35. Ne1 Rc5 36. f4 Rc4 37. Nf3 Re4 38. Rd3 Qc6 39. b3 Qc5 40.
Nd4 e5 41. fxe5 Qxe5 42. Kf1 h5 43. Qf2 h4 44. Rd2 hxg3 45. hxg3 Qb5+ 46. Kg2
Qd5 47. Kg1 Re6 48. Qf1 Rc6 49. Qd3 Rf6 50. Re2 g6 51. Qe4 Qxe4 52. Rxe4 Rf3
53. Kg2 Rxc3 54. Nb5 Rc2+ 55. Kh3 Rxa2 56. Re8+ Kg7 57. Re7 Rb2 58. Rxb7 Rf2
59. Nd6 {...} 0-1

[Event "XIII Festival A"]
[Site "Verona ITA"]
[Date "2007.01.03"]
[Round "1"]
[White "La Manna, Francesco"]
[Black "Jurkovic, Ante"]
[Result "1/2-1/2"]
[WhiteElo "2155"]
[BlackElo "2348"]
[PlyCount "83"]
[EventDate "2007.01.03"]

1. d4 d6 2. c4 e5 3. d5 g6 4. Nc3 Bg7 5. e4 Ne7 6. Be3 f5 7. f3 Nd7 8. Bd3 Nf6
9. Nge2 fxe4 10. Nxe4 Nxe4 11. Bxe4 Nf5 12. Bf2 Qg5 13. Qd3 Qxg2 14. f4 Qg4 15.
O-O-O O-O 16. h4 Qh5 17. Rdg1 exf4 18. Kb1 Ng3 19. Nxg3 fxg3 20. Bxg3 Bf5 21.
Bxf5 Rxf5 22. Re1 Rf3 23. Re3 Rxe3 24. Qxe3 Qf5+ 25. Ka1 Qc2 26. Qc1 Qg2 27.
Rg1 Bxb2+ 28. Kb1 Bxc1 29. Rxg2 Bh6 30. h5 Re8 31. c5 Bf8 32. hxg6 hxg6 33.
cxd6 cxd6 34. Bxd6 Kg7 35. Bc7 Re7 36. Bb8 Rd7 37. d6 a6 38. Kc2 Kf7 39. Rf2+
Kg7 40. Kb3 Rf7 41. Rxf7+ Kxf7 42. d7 1/2-1/2

[Event "XIII Festival A"]
[Site "Verona ITA"]
[Date "2007.01.03"]
[Round "1"]
[White "Martorelli, Antonio"]
[Black "Cardili, Mariano"]
[Result "1/2-1/2"]
[WhiteElo "2261"]
[BlackElo "2091"]
[PlyCount "97"]
[EventDate "2007.01.03"]

1. e4 e6 2. Nc3 d5 3. Nf3 Nf6 4. e5 Nfd7 5. d4 c5 6. Bb5 Nc6 7. O-O Qc7 8. Re1
cxd4 9. Nxd4 Be7 10. Qg4 Nxd4 11. Qxd4 O-O 12. Bf4 a6 13. Bxd7 Qxd7 14. Rad1
Qc6 15. Qd3 Re8 16. Qg3 Bf8 17. Rd4 Qc5 18. Red1 b5 19. Be3 Qc7 20. Rg4 g6 21.
a3 Bd7 22. Bg5 Bg7 23. Re1 a5 24. h4 b4 25. axb4 axb4 26. Rxb4 Reb8 27. Rxb8+
Rxb8 28. b3 h5 29. Bd2 Rc8 30. Qf4 Qc5 31. Na4 Bxa4 32. bxa4 Qa7 33. a5 Rxc2
34. Rb1 Qc7 35. a6 Bxe5 36. Qa4 Rc4 37. Qe8+ Kg7 38. Bg5 Bf4 39. g3 Bxg3 40.
Bh6+ Kh7 41. Rb7 Bxf2+ 42. Kf1 Rc1+ 43. Bxc1 Qxc1+ 44. Kxf2 Qd2+ 45. Kf1 Qd1+
46. Kf2 Qd2+ 47. Kf3 Qd3+ 48. Kf4 Qd4+ 49. Kf3 1/2-1/2

[Event "XIII Festival A"]
[Site "Verona ITA"]
[Date "2007.01.03"]
[Round "1"]
[White "Miatello, Alberto"]
[Black "Barlocco, Carlo"]
[Result "1-0"]
[WhiteElo "2057"]
[BlackElo "2183"]
[PlyCount "97"]
[EventDate "2007.01.03"]

1. e4 Nc6 2. Nf3 d6 3. d4 Bg4 4. d5 Nb8 5. c4 e5 6. dxe6 fxe6 7. Be2 e5 8. Nc3
Nf6 9. Qb3 Nbd7 10. Be3 b6 11. h3 Bxf3 12. Bxf3 Be7 13. O-O-O Nc5 14. Bxc5 bxc5
15. Qb5+ Qd7 16. Bg4 Qxb5 17. Nxb5 Nxg4 18. hxg4 Kd7 19. Rh5 c6 20. Nc3 Ke6 21.
Rd3 Raf8 22. f3 g6 23. Rh2 h5 24. gxh5 Rxh5 25. Rxh5 gxh5 26. g3 h4 27. gxh4
Bxh4 28. Nd1 Bd8 29. Kc2 Rh8 30. Ne3 Rh2+ 31. Kb3 Rf2 32. Nf5 d5 33. cxd5+ cxd5
34. Rxd5 Rxf3+ 35. Kc4 Bb6 36. Rd6+ Kf7 37. Kd5 Rf2 38. Rd7+ Ke8 39. Ke6 Rxb2
40. Rb7 Rd2 41. Rh7 Kd8 42. Nd6 Rxd6+ 43. Kxd6 Ke8 44. Kxe5 c4 45. Rh3 Ba5 46.
Kd4 c3 47. Rxc3 Kd7 48. Ra3 Bb6+ 49. Kd5 1-0

[Event "XIII Festival A"]
[Site "Verona ITA"]
[Date "2007.01.03"]
[Round "1"]
[White "Ortega, Lexy"]
[Black "Alberton, Roberto"]
[Result "1-0"]
[WhiteElo "2430"]
[BlackElo "2138"]
[PlyCount "61"]
[EventDate "2007.01.03"]

1. d4 Nf6 2. Nf3 d5 3. Bf4 Bf5 4. e3 e6 5. c4 Bxb1 6. Rxb1 Bb4+ 7. Ke2 Bd6 8.
g3 O-O 9. c5 Be7 10. Qc2 Ne4 11. h4 f6 12. Bh3 f5 13. g4 Nc6 14. g5 Rc8 15. b4
b6 16. Ne1 e5 17. dxe5 d4 18. Bxf5 Nc3+ 19. Kf1 Nxb1 20. Bxc8 Qxc8 21. Qxb1
dxe3 22. Bxe3 Qg4 23. Rg1 Qxh4 24. Qb3+ Kh8 25. Qe6 Qe4 26. Rg3 Qxe5 27. Qg4
bxc5 28. g6 hxg6 29. Qxg6 Qf6 30. Rh3+ Kg8 31. Qh7+ 1-0

[Event "XIII Festival A"]
[Site "Verona ITA"]
[Date "2007.01.03"]
[Round "1"]
[White "Pomaro, Alberto"]
[Black "Guanciale, Orazio"]
[Result "1/2-1/2"]
[WhiteElo "2054"]
[BlackElo "2157"]
[PlyCount "73"]
[EventDate "2007.01.03"]

1. d4 d6 2. c4 f5 3. Nc3 Nf6 4. Nf3 g6 5. g3 Bg7 6. Bg2 O-O 7. O-O Qe8 8. d5
Na6 9. Nd4 Bd7 10. e4 fxe4 11. Nxe4 Nxe4 12. Bxe4 c6 13. Be3 Nc7 14. Qd2 c5 15.
Ne2 b5 16. Bh6 Bxh6 17. Qxh6 bxc4 18. Nc3 Nb5 19. Nxb5 Bxb5 20. h4 Bd7 21. Rac1
Bf5 22. Rxc4 Qf7 23. Qe3 Rae8 24. Bg2 e5 25. dxe6 Bxe6 26. Rf4 Qg7 27. Rxf8+
Qxf8 28. Bc6 Re7 29. Re1 Qf6 30. b3 Kf7 31. Qh6 Kg8 32. Qe3 Kf7 33. Qd2 Bg4 34.
Be4 Bf3 35. Bd5+ Bxd5 36. Qxd5+ Kg7 37. Rxe7+ 1/2-1/2

[Event "XIII Festival A"]
[Site "Verona ITA"]
[Date "2007.01.03"]
[Round "1"]
[White "Radice, Luca"]
[Black "Luciani, Carlo"]
[Result "0-1"]
[WhiteElo "2076"]
[BlackElo "2262"]
[PlyCount "64"]
[EventDate "2007.01.03"]

1. d4 Nf6 2. c4 g6 3. Nc3 Bg7 4. e4 d6 5. f4 c5 6. d5 O-O 7. Nf3 a6 8. a4 e5 9.
Be2 exf4 10. Bxf4 Qe7 11. e5 dxe5 12. Bxe5 Ng4 13. Bxg7 Kxg7 14. Qd2 Ne3 15.
Kf2 Ng4+ 16. Kg1 Nd7 17. h3 Ngf6 18. Kf2 Qd6 19. Rhf1 h6 20. Kg1 Re8 21. Bd3
Nf8 22. Rae1 Bd7 23. b3 N8h7 24. Qb2 Kg8 25. Qf2 Rxe1 26. Rxe1 Re8 27. Rxe8+
Bxe8 28. Qe3 Kg7 29. Nd2 b6 30. Nde4 Qe5 31. Kf2 Bd7 32. Nxf6 Qxf6+ 0-1

[Event "XIII Festival A"]
[Site "Verona ITA"]
[Date "2007.01.03"]
[Round "1"]
[White "Stella, Andrea"]
[Black "Mola, Pietro"]
[Result "1/2-1/2"]
[WhiteElo "2084"]
[BlackElo "2274"]
[PlyCount "84"]
[EventDate "2007.01.03"]

1. c4 e5 2. Nc3 d6 3. d3 g6 4. g3 Bg7 5. Bg2 f5 6. e3 Nf6 7. Nge2 O-O 8. O-O
Nc6 9. Rb1 a5 10. a3 h6 11. b4 axb4 12. axb4 g5 13. f4 exf4 14. gxf4 g4 15. b5
Ne7 16. Nd4 Ng6 17. b6 c5 18. Nc6 bxc6 19. b7 Rb8 20. bxc8=Q Rxc8 21. Qa4 Ne7
22. Rb7 Rc7 23. Qa7 Rxb7 24. Qxb7 Qd7 25. Qb6 Ra8 26. Bd2 Qa7 27. Rb1 Nd7 28.
Qb7 Nf6 29. Bxc6 Qxb7 30. Bxb7 Ra3 31. Kf2 g3+ 32. Ke2 gxh2 33. Nb5 Ra2 34. Rh1
Ng4 35. Bf3 h5 36. Bxg4 hxg4 37. Rxh2 d5 38. Rg2 Kf7 39. e4 dxe4 40. dxe4 fxe4
41. Nd6+ Kg6 42. Nxe4 Nf5 1/2-1/2

[Event "XIII Festival A"]
[Site "Verona ITA"]
[Date "2007.01.03"]
[Round "1"]
[White "Tommasi, Daniele"]
[Black "Ricci, Alfredo"]
[Result "0-1"]
[WhiteElo "2204"]
[BlackElo "2059"]
[PlyCount "92"]
[EventDate "2007.01.03"]

1. e4 c5 2. Nc3 d6 3. g3 Nc6 4. Bg2 g6 5. d3 Bg7 6. Be3 e6 7. Qd2 Bd7 8. Nge2
Nd4 9. O-O Ne7 10. Bh6 O-O 11. Bxg7 Kxg7 12. Nxd4 cxd4 13. Ne2 Qb6 14. c3 Nc6
15. cxd4 Nxd4 16. Qc3 e5 17. Nxd4 Qxd4 18. Qxd4 exd4 19. Rfc1 Rac8 20. Rc4 Be6
21. Rxd4 Rc2 22. Rb4 Rfc8 23. h3 b6 24. Rd1 Bxa2 25. Kf1 Be6 26. Ke1 Kf8 27.
Rd2 Ke7 28. Ke2 f6 29. Ra4 a5 30. Ra1 Bb3 31. Rad1 R2c7 32. Re1 a4 33. Bf3 b5
34. Ke3 Rc1 35. Bd1 g5 36. Ke2 Be6 37. g4 h6 38. d4 Bc4+ 39. Ke3 Ra1 40. Rc2
Kd8 41. Kd2 Rc7 42. Be2 Rxe1 43. Kxe1 Bxe2 44. Rxc7 Kxc7 45. Kxe2 Kb6 46. Kd3
b4 0-1

[Event "XIII Festival A"]
[Site "Verona ITA"]
[Date "2007.01.03"]
[Round "1"]
[White "Valsecchi, Alessio"]
[Black "Borsos, Bogdan"]
[Result "0-1"]
[WhiteElo "2096"]
[BlackElo "2293"]
[PlyCount "114"]
[EventDate "2007.01.03"]

1. e4 e5 2. Nf3 Nc6 3. Bb5 a6 4. Ba4 d6 5. d4 Bd7 6. d5 Nb8 7. Bxd7+ Nxd7 8. c4
Be7 9. O-O h6 10. Nc3 Bg5 11. Ne1 Ne7 12. Nd3 Ng6 13. b4 a5 14. bxa5 Rxa5 15.
Rb1 Bxc1 16. Qxc1 b6 17. Qe3 O-O 18. Nb4 Rc5 19. Nc6 Qg5 20. Qxg5 hxg5 21. Rb4
Nb8 22. Nxb8 Rxb8 23. g3 Ra8 24. a4 Kf8 25. Nb5 Ke7 26. f3 Nf8 27. Kf2 Nd7 28.
Ke3 g6 29. g4 Rh8 30. Rf2 Ra8 31. Rg2 Nf6 32. Ra2 Ra5 33. Kd3 Kd7 34. Nc3 Ra8
35. Rb5 Ne8 36. Rxc5 dxc5 37. Nb5 Ng7 38. Nc3 Ne8 39. Nb5 Nd6 40. Nxd6 cxd6 41.
h3 Rh8 42. Rh2 Kc7 43. Rh1 Kb7 44. Rh2 Ka6 45. Rh1 Ka5 46. Kc3 Rh4 47. Kd3 f5
48. Ke3 fxg4 49. fxg4 Rh7 50. Kd3 Rf7 51. h4 gxh4 52. Rxh4 Rf3+ 53. Kd2 Rf4 54.
Kd3 Kb4 55. Rh1 Rxg4 56. Rb1+ Ka5 57. Ke3 g5 0-1

[Event "XIII Festival A"]
[Site "Verona ITA"]
[Date "2007.01.03"]
[Round "1"]
[White "Vezzosi, Paolo"]
[Black "Massa, Giovanni"]
[Result "1-0"]
[WhiteElo "2301"]
[BlackElo "2109"]
[PlyCount "69"]
[EventDate "2007.01.03"]

1. e4 c5 2. Nf3 e6 3. c3 Nf6 4. e5 Nd5 5. d4 cxd4 6. cxd4 b6 7. Nc3 Nxc3 8.
bxc3 Qc7 9. Bd2 Bb7 10. Bd3 d6 11. O-O Nd7 12. Re1 dxe5 13. dxe5 Be7 14. Bg5 h6
15. Bxe7 Kxe7 16. Be4 Nc5 17. Bxb7 Nxb7 18. Nd4 Rhd8 19. Qf3 Rd5 20. Re4 Rc8
21. c4 Rd7 22. Rae1 Rcd8 23. Rf4 Rf8 24. h4 Na5 25. Nb5 Qc6 26. Qg4 Nxc4 27. a4
Nb2 28. Nd6 Nd3 29. Qxg7 Nxe5 30. Nf5+ exf5 31. Rxf5 Qd6 32. Rfxe5+ Kd8 33. Rd5
Qb4 34. Qf6+ Kc8 35. Qc6+ 1-0

[Event "XIII Festival A"]
[Site "Verona ITA"]
[Date "2007.01.04"]
[Round "2"]
[White "Barlocco, Carlo"]
[Black "Brigati, Alessandro"]
[Result "1/2-1/2"]
[WhiteElo "2183"]
[BlackElo "2111"]
[PlyCount "177"]
[EventDate "2007.01.03"]

1. d4 Nf6 2. Nd2 e6 3. e3 b6 4. f4 Bb7 5. Ngf3 c5 6. Bd3 d5 7. c3 Bd6 8. O-O
O-O 9. Ne5 Ne4 10. Qf3 f5 11. Qh3 Ba6 12. Bxa6 Nxa6 13. Nxe4 dxe4 14. b3 Nc7
15. Bb2 Bxe5 16. fxe5 cxd4 17. exd4 Qg5 18. c4 Rf7 19. Rad1 Rd8 20. Bc1 Qg6 21.
Rf2 h6 22. Ba3 Rfd7 23. Bb2 Na6 24. Bc3 Nb8 25. Rfd2 Nc6 26. d5 Ne7 27. d6 Nc6
28. Kh1 Rf8 29. Rf2 Kh7 30. Rdf1 Qe8 31. g4 g6 32. Qe3 Rdf7 33. gxf5 exf5 34.
Bd2 Nxe5 35. Qxh6+ Kg8 36. Rg2 Rh7 37. Qg5 Qe6 38. Bc3 Ng4 39. Rxg4 fxg4 40.
Rxf8+ Kxf8 41. Qd8+ Qe8 42. Qf6+ Kg8 43. d7 Qxd7 44. Qxg6+ Kf8 45. Bb4+ Re7 46.
Qxe4 Qd1+ 47. Kg2 Qd2+ 48. Bxd2 Rxe4 49. Kg3 Kf7 50. Bf4 Re2 51. a3 Rb2 52.
Kxg4 Rxb3 53. Bd6 Rc3 54. Kf5 Rxc4 55. Ke5 b5 56. Kd5 Kf6 57. Bc5 a6 58. Kc6
Ke6 59. Kb6 Ra4 60. Bb4 Kf5 61. Bc5 Kg4 62. Bd6 Kh3 63. Kc6 Rd4 64. Bc5 Rg4 65.
Kb6 Rg6+ 66. Ka5 Kxh2 67. Bb6 Rg4 68. Kxa6 Ra4+ 69. Kxb5 Rxa3 70. Bc5 Rf3 71.
Kc6 Kg3 72. Bd6+ Kg4 73. Bc5 Kf5 74. Bd6 Ke6 75. Bb8 Rc3+ 76. Kb7 Kd7 77. Ba7
Rb3+ 78. Ka8 Kc7 79. Bd4 Rb8+ 80. Ka7 Rb4 81. Be5+ Kc6 82. Ka8 Ra4+ 83. Kb8 Re4
84. Bg3 Rg4 85. Bf2 Rg8+ 86. Ka7 Rg2 87. Be3 Rb2 88. Ka8 Rb4 89. Bf2 1/2-1/2

[Event "XIII Festival A"]
[Site "Verona ITA"]
[Date "2007.01.04"]
[Round "2"]
[White "Bernardi, Ruben"]
[Black "Bozzali, Ermanno"]
[Result "0-1"]
[WhiteElo "2124"]
[BlackElo "2062"]
[PlyCount "120"]
[EventDate "2007.01.03"]

1. e4 c5 2. Nf3 d6 3. d4 cxd4 4. Nxd4 Nf6 5. Nc3 a6 6. Be3 e5 7. Nde2 Be6 8. f4
Qa5 9. Qd2 Nc6 10. g3 Be7 11. f5 Bd7 12. Bg2 Rc8 13. a3 b5 14. O-O h5 15. h3
Qc7 16. b4 Nb8 17. Rac1 Qb7 18. Bg5 Bc6 19. Rfe1 Nbd7 20. Rcd1 Nb6 21. Bxf6
gxf6 22. Kh2 Nc4 23. Qc1 Bf8 24. Rd3 Bh6 25. Qa1 Ne3 26. Bf3 Nxc2 27. Qd1 Nxe1
28. Qxe1 Ke7 29. Qd1 h4 30. Rxd6 hxg3+ 31. Kg2 Rhd8 32. Rxd8 Rxd8 33. Nd5+ Bxd5
34. exd5 Qb6 35. Nxg3 Rg8 36. Bg4 Qe3 37. d6+ Kd8 38. Qd5 Qd2+ 39. Qxd2 Bxd2
40. Ne4 Bc1 41. Nc5 Bxa3 42. Nxa6 Kd7 43. Nc7 Bxb4 44. Nd5 Rxg4+ 45. hxg4 Bxd6
46. Kf3 Be7 47. Ke4 Kd6 48. Nb4 Bd8 49. Nd3 Ba5 50. g5 fxg5 51. Nxe5 f6 52. Ng4
Bc3 53. Ne3 Be5 54. Nd5 g4 55. Ne3 g3 56. Kf3 Kc5 57. Ke4 b4 58. Kd3 b3 59. Ng2
b2 60. Kc2 Kd5 0-1

[Event "XIII Festival A"]
[Site "Verona ITA"]
[Date "2007.01.04"]
[Round "2"]
[White "Capitelli, Paolo"]
[Black "Valsecchi, Alessio"]
[Result "1/2-1/2"]
[WhiteElo "2155"]
[BlackElo "2096"]
[PlyCount "125"]
[EventDate "2007.01.03"]

1. e4 c5 2. Nf3 Nc6 3. d4 cxd4 4. Nxd4 g6 5. c4 Bg7 6. Be3 Nf6 7. Nc3 O-O 8.
Be2 d6 9. O-O Bd7 10. Rc1 Nxd4 11. Bxd4 Bc6 12. f3 Nd7 13. Be3 a5 14. b3 Nc5
15. a3 Qb6 16. Nb5 Qd8 17. b4 axb4 18. axb4 Ne6 19. Qd2 Bxb5 20. cxb5 Qd7 21.
b6 Rfc8 22. Kh1 Rxc1 23. Rxc1 Ra1 24. Rxa1 Bxa1 25. Bc4 Qa4 26. Bd5 Nd8 27. h3
Qa3 28. Bg5 Bc3 29. Qf2 Qa1+ 30. Kh2 Be5+ 31. g3 Bd4 32. Qg2 Kf8 33. h4 Qe1 34.
Bh6+ Ke8 35. Bd2 Qf2 36. b5 Qxg2+ 37. Kxg2 Bxb6 38. f4 Kd7 39. Kf3 Kc7 40. f5
Bc5 41. fxg6 hxg6 42. g4 Bd4 43. Bg5 Kd7 44. h5 gxh5 45. gxh5 f6 46. Bd2 e6 47.
Bb3 Nf7 48. h6 Ke7 49. Kg4 Ng5 50. Bxg5 fxg5 51. Kxg5 b6 52. Kg6 Be5 53. Bd1
Bb2 54. Bf3 Bc3 55. Bh5 Bb2 56. Bg4 Bc3 57. Kh7 Kf7 58. Bh5+ Kf6 59. Bf3 Kg5
60. Kg8 Kxh6 61. Kf7 e5 62. Ke6 Bb4 63. Kd5 1/2-1/2

[Event "XIII Festival A"]
[Site "Verona ITA"]
[Date "2007.01.04"]
[Round "2"]
[White "Frigieri, Fabrizio"]
[Black "Facchetti, Gianni"]
[Result "1-0"]
[WhiteElo "2088"]
[BlackElo "2147"]
[PlyCount "111"]
[EventDate "2007.01.03"]

1. e4 e5 2. Nf3 Nc6 3. Bc4 Be7 4. d4 d6 5. dxe5 dxe5 6. Qxd8+ Bxd8 7. Nc3 f6 8.
Be3 Na5 9. Bb5+ c6 10. Be2 Be6 11. Nd2 b5 12. O-O Bb6 13. Bxb6 axb6 14. b4 Nc4
15. Bxc4 bxc4 16. a4 O-O-O 17. Rfd1 Ne7 18. Kf1 Rd7 19. Ke2 Rhd8 20. Ncb1 Rd4
21. Nc3 Kb7 22. f3 Ng6 23. g3 Ne7 24. Nf1 g6 25. Rd2 f5 26. Rad1 Rc8 27. Ke3
fxe4 28. fxe4 Rxd2 29. Rxd2 Rf8 30. Rf2 Rxf2 31. Kxf2 Kc7 32. Nd2 Kd6 33. Ke3
Ng8 34. Ncb1 b5 35. a5 Bc8 36. Nf3 Nf6 37. Nc3 Ng4+ 38. Ke2 Nf6 39. Ng5 Bb7 40.
Nf7+ Kc7 41. Nxe5 Bc8 42. Ke3 Bh3 43. Kd4 Bc8 44. Kc5 Bb7 45. g4 g5 46. h3 h5
47. gxh5 Nxh5 48. Nf3 Nf4 49. Nxg5 Ng6 50. Ne2 Bc8 51. Nd4 Bd7 52. Nge6+ Kc8
53. Kd6 Nh4 54. Nxc6 Be8 55. a6 Ng2 56. a7 1-0

[Event "XIII Festival A"]
[Site "Verona ITA"]
[Date "2007.01.04"]
[Round "2"]
[White "Guanciale, Orazio"]
[Black "La Manna, Francesco"]
[Result "0-1"]
[WhiteElo "2157"]
[BlackElo "2155"]
[PlyCount "120"]
[EventDate "2007.01.03"]

1. d4 Nf6 2. Nc3 d5 3. Bg5 Nbd7 4. Nf3 e6 5. e4 dxe4 6. Nxe4 Be7 7. Nxf6+ Nxf6
8. Bd3 c5 9. dxc5 Qa5+ 10. c3 Qxc5 11. Qe2 O-O 12. O-O-O Nd5 13. Bxe7 Nxe7 14.
Qe5 Qxe5 15. Nxe5 f6 16. Ng4 e5 17. Bc4+ Kh8 18. Ne3 Nf5 19. Nxf5 Bxf5 20. Rd6
Rac8 21. Bd3 Bxd3 22. Rxd3 Rc7 23. Rhd1 g5 24. Kc2 Rff7 25. b3 Kg7 26. c4 Kg6
27. Rd5 g4 28. a4 h5 29. Kc3 Kf5 30. b4 h4 31. b5 g3 32. fxg3 hxg3 33. hxg3 Rg7
34. R1d3 Rg4 35. c5 Rxa4 36. Kb3 Ra1 37. Kb2 Rg1 38. Rd2 Ke4 39. Rd7 Rxc5 40.
Re2+ Kf5 41. Rxb7 Rd1 42. Rc2 Rxc2+ 43. Kxc2 Rg1 44. Rxa7 Rxg2+ 45. Kc3 Rxg3+
46. Kc4 Rg8 47. Re7 Ke4 48. Kc5 f5 49. Kd6 Rd8+ 50. Kc7 Rd1 51. b6 f4 52. b7
Rb1 53. Kd6 Kd4 54. Ke6 f3 55. Rf7 Rb6+ 56. Kf5 f2 57. Kg4 Rxb7 58. Rxf2 Rg7+
59. Kh3 e4 60. Ra2 e3 0-1

[Event "XIII Festival A"]
[Site "Verona ITA"]
[Date "2007.01.04"]
[Round "2"]
[White "Guido, Flavio"]
[Black "Miatello, Alberto"]
[Result "1-0"]
[WhiteElo "2313"]
[BlackElo "2057"]
[PlyCount "73"]
[EventDate "2007.01.03"]

1. e4 c5 2. c3 d5 3. exd5 Nf6 4. Bb5+ Nbd7 5. c4 a6 6. Bxd7+ Qxd7 7. d4 e6 8.
Nf3 exd5 9. O-O dxc4 10. Re1+ Be7 11. Qe2 Qe6 12. Qc2 Qf5 13. Qxc4 Be6 14. Qf1
O-O-O 15. dxc5 Bxc5 16. Re5 Qc2 17. Nc3 Ba7 18. Bf4 Qd3 19. Qe1 Ng4 20. Re2 Bd7
21. h3 Nxf2 22. Rxf2 Rhe8 23. Qf1 Qf5 24. Bg3 Bc6 25. Kh2 Bxf2 26. Qxf2 Rd3 27.
Qb6 Re7 28. Re1 Qf6 29. Rxe7 Qxe7 30. Nd4 Rxg3 31. Nxc6 Qg5 32. Na7+ Kb8 33.
Nc6+ Kc8 34. Na7+ Kb8 35. Qd6+ Kxa7 36. Qxg3 Qxg3+ 37. Kxg3 1-0

[Event "XIII Festival A"]
[Site "Verona ITA"]
[Date "2007.01.04"]
[Round "2"]
[White "Jurkovic, Ante"]
[Black "Stella, Andrea"]
[Result "1-0"]
[WhiteElo "2348"]
[BlackElo "2084"]
[PlyCount "63"]
[EventDate "2007.01.03"]

1. e4 c5 2. Nf3 d6 3. d4 cxd4 4. Nxd4 Nf6 5. Nc3 a6 6. Be3 e6 7. g4 h6 8. f3 b5
9. Qe2 Nbd7 10. h4 b4 11. Nc6 Qc7 12. Nxb4 d5 13. Nd3 dxe4 14. fxe4 Bb7 15. Bf4
Qc6 16. Bg2 Rc8 17. O-O-O Nb6 18. Ne5 Qc5 19. g5 hxg5 20. hxg5 Rxh1 21. Bxh1
Nfd7 22. Nxd7 Nxd7 23. Qd2 Rd8 24. Qh2 g6 25. e5 Bxh1 26. Qxh1 Qa5 27. Qc6 Bb4
28. Ne4 Qxa2 29. c3 Ke7 30. Rd4 Qa1+ 31. Kc2 Qf1 32. cxb4 1-0

[Event "XIII Festival A"]
[Site "Verona ITA"]
[Date "2007.01.04"]
[Round "2"]
[White "Luciani, Carlo"]
[Black "Ortega, Lexy"]
[Result "1-0"]
[WhiteElo "2262"]
[BlackElo "2430"]
[PlyCount "73"]
[EventDate "2007.01.03"]

1. e4 c5 2. Nf3 e6 3. d4 cxd4 4. Nxd4 a6 5. Nc3 Qc7 6. g3 Bb4 7. Nde2 Nf6 8.
Bg2 d6 9. O-O Bc5 10. Nd4 Nbd7 11. Kh1 Rb8 12. f4 b5 13. Nb3 b4 14. Nb1 Bb7 15.
Qe2 Ba7 16. c4 a5 17. g4 a4 18. g5 Nxe4 19. Bxe4 axb3 20. axb3 Nc5 21. Bxb7
Rxb7 22. Qf3 Bb8 23. Re1 O-O 24. Nd2 d5 25. Nf1 d4 26. Ng3 d3 27. Be3 Nxb3 28.
Ra6 Rd8 29. Qe4 Ba7 30. Rc6 Qe7 31. c5 Bxc5 32. Bxc5 Nxc5 33. Rxc5 d2 34. Rd1
Qxc5 35. Qxb7 Qc2 36. Qf3 Qxb2 37. Ne4 1-0

[Event "XIII Festival A"]
[Site "Verona ITA"]
[Date "2007.01.04"]
[Round "2"]
[White "Massa, Giovanni"]
[Black "Tommasi, Daniele"]
[Result "0-1"]
[WhiteElo "2109"]
[BlackElo "2204"]
[PlyCount "64"]
[EventDate "2007.01.03"]

1. e4 c5 2. Nf3 d6 3. d4 cxd4 4. Nxd4 Nf6 5. Nc3 Nc6 6. f3 e6 7. Be3 Be7 8. Qd2
a6 9. g4 Nd7 10. O-O-O O-O 11. h4 Nde5 12. Qg2 Nxd4 13. Bxd4 Nc6 14. Be3 b5 15.
Kb1 b4 16. Na4 Rb8 17. Qf2 Bd7 18. Nb6 a5 19. g5 Be8 20. f4 a4 21. h5 b3 22.
cxb3 axb3 23. a3 e5 24. Nd5 exf4 25. Bb6 Rxb6 26. Qxb6 Qxb6 27. Nxb6 Ne5 28.
Nc4 Bc6 29. Rh3 Bxe4+ 30. Ka1 Bc2 31. Rd5 Bxg5 32. Rxd6 Rb8 0-1

[Event "XIII Festival A"]
[Site "Verona ITA"]
[Date "2007.01.04"]
[Round "2"]
[White "Rahal, Michael A."]
[Black "Luciani, Valerio"]
[Result "1-0"]
[WhiteElo "2390"]
[BlackElo "2241"]
[PlyCount "83"]
[EventDate "2007.01.03"]

1. e4 e6 2. d4 d5 3. Nc3 Bb4 4. e5 c5 5. Bd2 Ne7 6. Nb5 Bxd2+ 7. Qxd2 O-O 8. f4
cxd4 9. Nf3 Nbc6 10. Bd3 f6 11. O-O Bd7 12. exf6 gxf6 13. Nbxd4 Qb6 14. c3 Rf7
15. Rfe1 Raf8 16. Kh1 Nxd4 17. cxd4 Rg7 18. Re2 Kh8 19. Rae1 Rfg8 20. g3 Nc8
21. Qc3 Qd8 22. Qa3 Qe8 23. f5 Qh5 24. Nh4 exf5 25. Rf2 Rg5 26. Ref1 f4 27.
Rxf4 Bh3 28. Re1 Qh6 29. Bf5 Bxf5 30. Nxf5 Qh3 31. Qf3 Rd8 32. Rf1 Qh5 33. Qxh5
Rxh5 34. h4 Nd6 35. Nxd6 Rxd6 36. Rxf6 Rxf6 37. Rxf6 Kg7 38. Rd6 Rf5 39. Kg2
Rf7 40. Rxd5 Rc7 41. Kf3 b6 42. Ke4 1-0